Capitals of the World by Second Letter - I - Statistics

General Stats
  • This quiz has been taken 1,844 times
    1,840 since last reset
  • The average score is 18 of 24
Answer Stats
Answer % Correct
Lima
90%
Lisbon
86%
Riga
86%
Minsk
85%
Vilnius
81%
Dili
80%
Tirana
80%
Vienna
79%
Bishkek
78%
Kigali
77%
Kingston
76%
Singapore
74%
Kiev
73%
Kingstown
73%
Kinshasa
73%
Riyadh
73%
Lilongwe
67%
Vientiane
67%
Niamey
66%
Nicosia
66%
Windhoek
65%
Libreville
63%
Bissau
62%
Victoria
57%
No matching quizzes found
Score Distribution
Percent of People with Each Score
Percentile by Number Answered
Your Score History
You have not taken this quiz since the last reset